Systematic approaches to a successful literature review / (Record no. 22405)
[ view plain ]
| 000 -LEADER | |
|---|---|
| fixed length control field | 00788nam a2200229 a 4500 |
| 005 - DATE AND TIME OF LATEST TRANSACTION | |
| control field | 20140310183406.0 |
| 008 - FIXED-LENGTH DATA ELEMENTS--GENERAL INFORMATION | |
| fixed length control field | 121013s19uu xx 00 eng d |
| 020 ## - INTERNATIONAL STANDARD BOOK NUMBER | |
| International Standard Book Number | 9780857021359 |
| 050 ## - LIBRARY OF CONGRESS CALL NUMBER | |
| Classification number | LB 1047.3 |
| Item number | .B66 2012 |
| 100 ## - MAIN ENTRY--PERSONAL NAME | |
| Personal name | Booth, Andrew |
| 245 ## - TITLE STATEMENT | |
| Title | Systematic approaches to a successful literature review / |
| Statement of responsibility, etc | Andrew Booth, Diana Papaioannou, Anthea Sutton. |
| 260 ## - PUBLICATION, DISTRIBUTION, ETC. (IMPRINT) | |
| Place of publication, distribution, etc | London, Uk : |
| Name of publisher, distributor, etc | SAGE, |
| Date of publication, distribution, etc | 2012. |
| 300 ## - PHYSICAL DESCRIPTION | |
| Extent | 279 p. : |
| Other physical details | ill. ; |
| Dimensions | 23 cm. |
| 500 ## - GENERAL NOTE | |
| General note | Includes bibliographical references and index. |
| 520 ## - SUMMARY, ETC. | |
| Summary, etc | A technologically up-to-date and accessible introductory guide to doing systematic reviews. |
| 650 ## - SUBJECT ADDED ENTRY--TOPICAL TERM | |
| Topical term or geographic name as entry element | Research |
| 650 ## - SUBJECT ADDED ENTRY--TOPICAL TERM | |
| Topical term or geographic name as entry element | Academic writing |
| 700 ## - ADDED ENTRY--PERSONAL NAME | |
| Personal name | Papaioannou, Diana |
| 700 ## - ADDED ENTRY--PERSONAL NAME | |
| Personal name | Sutton, Anthea |
| 942 ## - ADDED ENTRY ELEMENTS (KOHA) | |
| Koha item type | Books |
| Source of classification or shelving scheme | Library of Congress Classification |
| Call number prefix | Foreign |
| Withdrawn status | Lost status | Source of classification or shelving scheme | Damaged status | Home library | Current library | Shelving location | Date acquired | Source of acquisition | Cost, normal purchase price | Total Checkouts | Full call number | Barcode | Date last seen | Copy number | Price effective from | Koha item type |
|---|---|---|---|---|---|---|---|---|---|---|---|---|---|---|---|---|
| Library of Congress Classification | College Library | College Library | Reserve Section | 10/13/2012 | 2463.00 | LB 1047.3 .B66 2012 | C16372 | 05/15/2018 | 1 | 10/10/2013 | Books |